[Event "37th Asia-ch U20"]
[Site "Bishkek KGZ"]
[Date "2015.10.03"]
[Round "1.1"]
[White "Sunilduth Lyna, Narayanan"]
[Black "Kabilov, Amin"]
[Result "1-0"]
[WhiteElo "2476"]
[BlackElo "2180"]
[EventDate "2015.10.03"]
[PlyCount "53"]

1.d4 d6 2.e4 Nf6 3.Nc3 Nbd7 4.Nf3 e5 5.Bc4 Be7 6.O-O O-O 7.a4 c6 8.h3 Qc7 
9.Ba2 a5 10.Re1 exd4 11.Nxd4 Nc5 12.Bf4 Rd8 13.Qf3 Ncd7 14.Rad1 Ne5 15.Qe2
b6 16.Bh2 Ba6 17.Qe3 g6 18.f4 Nc4 19.Bxc4 Bxc4 20.b3 Be6 21.f5 Bd7 22.e5 
dxe5 23.Bxe5 Qb7 24.Rf1 Rf8 25.Qh6 c5 26.Nf3 Nh5 27.f6 1-0

[Event "37th Asia-ch U20"]
[Site "Bishkek KGZ"]
[Date "2015.10.03"]
[Round "1.2"]
[White "Mamatov, Melis"]
[Black "Mosadeghpour, Masoud"]
[Result "0-1"]
[WhiteElo "2096"]
[BlackElo "2420"]
[EventDate "2015.10.03"]
[PlyCount "85"]

1.e4 e5 2.Nf3 Nf6 3.Nc3 Nc6 4.d3 d5 5.Bg5 Bb4 6.exd5 Qxd5 7.a3 Bxc3+ 8.
bxc3 Bg4 9.h3 Bxf3 10.Qxf3 Qa5 11.Bd2 O-O 12.Qd1 Rfe8 13.c4 Qa6 14.c3 Rad8
15.Be2 Na5 16.Qa4 Nd7 17.Be3 f5 18.f3 e4 19.fxe4 fxe4 20.d4 Nb6 21.Qb4 
Nbxc4 22.O-O Qc6 23.Bf4 b6 24.Rae1 Nd6 25.Bc1 Nac4 26.Bd1 Rf8 27.Bf4 Kh8 
28.Be2 a5 29.Qb3 b5 30.Ra1 e3 31.Bxd6 Nxd6 32.Bf3 Qb6 33.a4 c5 34.axb5 
cxd4 35.cxd4 Qxd4 36.Qa4 Nxb5 37.Rfe1 e2+ 38.Qxd4 Nxd4 39.Rxa5 Rxf3 40.
gxf3 Nxf3+ 41.Kf2 Nxe1 42.Kxe1 Re8 43.Ra7 0-1

[Event "37th Asia-ch U20"]
[Site "Bishkek KGZ"]
[Date "2015.10.03"]
[Round "1.3"]
[White "Javanbakht, Nima"]
[Black "Kenenbaev, Aidar"]
[Result "1-0"]
[WhiteElo "2401"]
[BlackElo "1991"]
[EventDate "2015.10.03"]
[PlyCount "73"]

1.d4 Nf6 2.c4 g6 3.Nc3 Bg7 4.e4 d6 5.f3 O-O 6.Be3 c5 7.d5 a6 8.a4 e6 9.Qd2
exd5 10.cxd5 Nbd7 11.Nh3 Rb8 12.Nf2 Ne8 13.Be2 Nc7 14.O-O b5 15.Bg5 Qe8 
16.Ng4 f6 17.Bf4 Ne5 18.Nxe5 fxe5 19.Be3 Bd7 20.axb5 axb5 21.b4 c4 22.Ra7 
Qc8 23.Rfa1 Rb7 24.Rxb7 Qxb7 25.Ra7 Qb8 26.Qa2 Bf6 27.Qa5 Rc8 28.g3 Be8 
29.Bf1 Bd7 30.h4 Kf8 31.Kh2 Ke8 32.Bb6 Bd8 33.Bh3 Bxh3 34.Kxh3 Kf8 35.Bxc7
Bxc7 36.Qa6 Kg8 37.Rb7 1-0

[Event "37th Asia-ch U20"]
[Site "Bishkek KGZ"]
[Date "2015.10.03"]
[Round "1.4"]
[White "Isakjanov, Kelsinbek"]
[Black "Harsha, Bharathakoti"]
[Result "1-0"]
[WhiteElo "1986"]
[BlackElo "2384"]
[EventDate "2015.10.03"]
[PlyCount "39"]

1.d4 e6 2.c4 b6 3.Nf3 Bb7 4.e3 f5 5.Nc3 Bb4 6.d5 Bxc3+ 7.bxc3 Nf6 8.Nd4 
Qe7 9.Nb5 d6 10.Nd4 exd5 11.Nxf5 Qf7 12.cxd5 Bxd5 13.Bb5+ Nbd7 14.O-O O-O 
15.f3 Bxa2 16.Qe2 Bd5 17.e4 Bb7 18.Bh6 Rfe8 19.Bxg7 Qe6 20.Bxf6 1-0

[Event "37th Asia-ch U20"]
[Site "Bishkek KGZ"]
[Date "2015.10.03"]
[Round "1.5"]
[White "Yuan Qingyu"]
[Black "Jayasundara, P K U M"]
[Result "1-0"]
[WhiteElo "2382"]
[BlackElo "1955"]
[EventDate "2015.10.03"]
[PlyCount "57"]

1.c4 Nf6 2.Nc3 c5 3.g3 e6 4.Bg2 Be7 5.Nf3 a6 6.O-O Qc7 7.b3 b6 8.d4 cxd4 
9.Qxd4 d6 10.Be3 Nbd7 11.Ng5 Rb8 12.Rac1 O-O 13.Rfd1 Rd8 14.Nge4 h6 15.Qd2
Bb7 16.Bd4 Rbc8 17.Qb2 Qb8 18.Nxf6+ Bxf6 19.Ne4 Bxd4 20.Rxd4 d5 21.cxd5 
Bxd5 22.Rcd1 Bxe4 23.Bxe4 Nf6 24.Bf3 Rxd4 25.Qxd4 Rc2 26.Qd6 Qxd6 27.Rxd6 
Nd5 28.Rd8+ Kh7 29.Be4+ 1-0

[Event "37th Asia-ch U20"]
[Site "Bishkek KGZ"]
[Date "2015.10.03"]
[Round "1.6"]
[White "Akunov, Maksat"]
[Black "Yakubboev, Nodirbek"]
[Result "0-1"]
[WhiteElo "1881"]
[BlackElo "2342"]
[EventDate "2015.10.03"]
[PlyCount "110"]

1.d4 Nf6 2.Bg5 c5 3.d5 Qb6 4.Bxf6 exf6 5.Qc1 f5 6.c4 Be7 7.e3 O-O 8.Bd3 d6
9.Ne2 g6 10.O-O Nd7 11.Nf4 Ne5 12.Be2 Bf6 13.Nd2 Bd7 14.Rb1 Rae8 15.Qc2 
Bc8 16.a3 Qc7 17.b4 b6 18.Rb3 Bd7 19.Rbb1 Re7 20.Nd3 Rfe8 21.Nf4 Bg7 22.
Qb3 Ng4 23.bxc5 bxc5 24.Qd3 Ne5 25.Qc2 Qa5 26.Qa2 Qa6 27.Nd3 Ng4 28.Rfc1 
Nf6 29.Bd1 Ne4 30.Nxe4 fxe4 31.Nf4 Qa5 32.Kf1 a6 33.h3 h5 34.a4 Bc8 35.Ke2
Bc3 36.Qc2 Bb4 37.Qa2 h4 38.Qb2 Re5 39.Bb3 g5 40.Nh5 Qd8 41.Rg1 Bf5 42.Kd1
Bg6 43.Qe2 Kf8 44.g3 hxg3 45.Rxg3 Ke7 46.Rg1 Rh8 47.Ng3 Rxh3 48.Qg4 Qh8 
49.Bc2 Rh4 50.Qe2 f5 51.Kc1 Qf6 52.Bd1 f4 53.Nf1 Rxd5 54.cxd5 Qc3+ 55.Bc2 
Ba3+ 0-1

[Event "37th Asia-ch U20"]
[Site "Bishkek KGZ"]
[Date "2015.10.03"]
[Round "1.7"]
[White "Turar, Dastan"]
[Black "Isakjanov, Aibek"]
[Result "1-0"]
[WhiteElo "2243"]
[BlackElo "1832"]
[EventDate "2015.10.03"]
[PlyCount "81"]

1.d4 d5 2.Nf3 Nf6 3.c4 e6 4.Nc3 c6 5.Bg5 Be7 6.e3 O-O 7.Bd3 dxc4 8.Bxc4 b5
9.Bd3 Bb7 10.O-O Nbd7 11.Rc1 a6 12.a4 Rc8 13.Qe2 Qb6 14.Ne5 Qd8 15.Nxd7 
Qxd7 16.Bxf6 Bxf6 17.Ne4 Qe7 18.f4 g6 19.Nc5 Rfd8 20.Kh1 Bg7 21.Be4 Qc7 
22.b4 Bf8 23.a5 Bxc5 24.Rxc5 Qd6 25.Rfc1 Rd7 26.Bf3 Rdc7 27.Qe1 Qd7 28.Qh4
Kg7 29.Qg3 Qe7 30.h3 Qd6 31.Kg1 Qe7 32.h4 Ba8 33.h5 f5 34.Kf2 Qf6 35.Rh1 
Rh8 36.Qh2 h6 37.hxg6 Qxg6 38.g4 Kf8 39.gxf5 exf5 40.Qh3 Rf7 41.Bh5 1-0

[Event "37th Asia-ch U20"]
[Site "Bishkek KGZ"]
[Date "2015.10.03"]
[Round "1.8"]
[White "Sezdbekov, Ruslan"]
[Black "Taalaibekov, Tagir"]
[Result "0-1"]
[WhiteElo "1818"]
[BlackElo "2202"]
[EventDate "2015.10.03"]
[PlyCount "98"]

1.e4 c5 2.Nf3 e6 3.d4 cxd4 4.Nxd4 Nc6 5.Nc3 Qc7 6.Be2 a6 7.O-O Nf6 8.Be3 
d6 9.a4 Be7 10.Qd2 O-O 11.Rfd1 Ne5 12.Bg5 b6 13.f3 Bb7 14.Kh1 Nc4 15.Bxc4 
Qxc4 16.Qe3 Rfd8 17.Rd2 h6 18.Bh4 Ng4 19.Qe1 Bxh4 20.Qxh4 Ne5 21.f4 Ng6 
22.Qf2 e5 23.fxe5 dxe5 24.Nf5 Rxd2 25.Qxd2 Qb4 26.Qd7 Bxe4 27.Nd6 Qxb2 28.
Rg1 Qxc3 29.Qxf7+ Kh7 30.Nxe4 Qc6 31.Qf3 Rc8 32.c3 Kh8 33.Rd1 Rf8 34.Qg4 
Rf4 35.Rd8+ Nf8 36.Qxf4 exf4 37.Rxf8+ Kh7 38.Rxf4 Kg6 39.h3 h5 40.Kh2 Qxa4
41.Kg3 Qc2 42.Kf3 a5 43.g4 Qd3+ 44.Kg2 h4 45.g5 a4 46.Rxh4 a3 47.Nf2 Qd5+ 
48.Kh2 a2 49.Ra4 Qa5 0-1

[Event "37th Asia-ch U20"]
[Site "Bishkek KGZ"]
[Date "2015.10.03"]
[Round "1.9"]
[White "Chakravarthi Reddy, M"]
[Black "Zhakypov, Artur"]
[Result "0-1"]
[WhiteElo "2195"]
[BlackElo "1613"]
[EventDate "2015.10.03"]
[PlyCount "106"]

1.d4 d5 2.Nf3 c6 3.c4 e6 4.Nc3 dxc4 5.a4 Bb4 6.e4 b5 7.Be2 Bb7 8.O-O a6 9.
Qc2 Ne7 10.Rd1 Qb6 11.Be3 c5 12.b3 cxb3 13.Qxb3 O-O 14.Rac1 Bxc3 15.Qxc3 
Bxe4 16.dxc5 Qb7 17.Rd4 bxa4 18.Nd2 Bg6 19.Rxa4 Nbc6 20.Qa3 a5 21.Nc4 Qc7 
22.Ra1 Rfb8 23.Nb6 Ra7 24.Bb5 Bc2 25.Rc4 Bf5 26.Qa4 h6 27.Rc3 Rd8 28.h3 
Kf8 29.Rcc1 Rb7 30.Rd1 Rxd1+ 31.Rxd1 e5 32.Bc4 Rb8 33.g4 Bc8 34.Qa2 Ng6 
35.Bxf7 Qxf7 36.Qa4 Nge7 37.Rd6 Qf3 38.Kh2 h5 39.Bg5 Qxf2+ 40.Kh1 Qf1+ 41.
Kh2 Qf2+ 42.Kh1 Qxc5 43.Bxe7+ Nxe7 44.Rd8+ Kf7 45.Qe8+ Ke6 46.Nxc8 Rxc8 
47.Qd7+ Kf7 48.Qe8+ Ke6 49.Qd7+ Kf6 50.g5+ Kxg5 51.Qd2+ Kg6 52.Qg2+ Kh7 
53.Qe4+ Ng6 0-1

[Event "37th Asia-ch U20"]
[Site "Bishkek KGZ"]
[Date "2015.10.04"]
[Round "2.1"]
[White "Taalaibekov, Tagir"]
[Black "Sunilduth Lyna, Narayanan"]
[Result "0-1"]
[WhiteElo "2202"]
[BlackElo "2476"]
[EventDate "2015.10.03"]
[PlyCount "60"]

1.d4 Nf6 2.Nf3 e6 3.c4 Bb4+ 4.Bd2 a5 5.Qc2 d5 6.e3 O-O 7.Bxb4 axb4 8.Nbd2 
b6 9.Bd3 dxc4 10.Nxc4 Bb7 11.O-O Bxf3 12.gxf3 Qd5 13.Be4 Nxe4 14.fxe4 Qh5 
15.f4 Nd7 16.e5 Rfc8 17.a4 bxa3 18.Rxa3 Rxa3 19.Nxa3 Nf8 20.Qg2 Ng6 21.e4 
Nh4 22.Qg3 Rd8 23.Nb5 c5 24.Kf2 cxd4 25.Rg1 Ng6 26.Ke1 d3 27.Rg2 Qh6 28.
Nd6 Nxf4 29.Rf2 Ng6 30.Rd2 Nxe5 0-1

[Event "37th Asia-ch U20"]
[Site "Bishkek KGZ"]
[Date "2015.10.04"]
[Round "2.2"]
[White "Mosadeghpour, Masoud"]
[Black "Turar, Dastan"]
[Result "1-0"]
[WhiteElo "2420"]
[BlackElo "2243"]
[EventDate "2015.10.03"]
[PlyCount "99"]

1.e4 e6 2.d4 d5 3.Nd2 Be7 4.Bd3 Nf6 5.Ngf3 c5 6.exd5 exd5 7.dxc5 O-O 8.O-O
a5 9.Re1 Na6 10.c6 bxc6 11.Nd4 Bd6 12.Nf5 Nc5 13.Nf3 Nxd3 14.Qxd3 Bxf5 15.
Qxf5 Qc8 16.Nd4 Qxf5 17.Nxf5 Rfe8 18.Bg5 Bc5 19.Bxf6 gxf6 20.Rxe8+ Rxe8 
21.Kf1 Rb8 22.b3 a4 23.Rd1 Kf8 24.Rd3 Re8 25.g4 Bb4 26.Nd4 Re1+ 27.Kg2 c5 
28.Nc6 axb3 29.axb3 Rc1 30.Rxd5 Rxc2 31.Rd8+ Kg7 32.Nxb4 cxb4 33.Rd4 Rb2 
34.Rxb4 Kg6 35.Rb5 Kh6 36.Kg3 Kg6 37.h4 Kh6 38.Rb6 Kg7 39.f3 Rb1 40.Kf4 
Rb2 41.h5 Rb1 42.Kf5 Rf1 43.Ke4 Re1+ 44.Kf4 Rb1 45.b4 Rb2 46.Kf5 Rf2 47.f4
Rb2 48.h6+ Kxh6 49.Kxf6 Rxb4 50.g5+ 1-0

[Event "37th Asia-ch U20"]
[Site "Bishkek KGZ"]
[Date "2015.10.04"]
[Round "2.3"]
[White "Isaev, Chyngyz"]
[Black "Javanbakht, Nima"]
[Result "0-1"]
[WhiteElo "2193"]
[BlackElo "2401"]
[EventDate "2015.10.03"]
[PlyCount "98"]

1.d4 Nf6 2.c4 c5 3.d5 g6 4.Nc3 Bg7 5.e4 d6 6.h3 O-O 7.Nf3 e6 8.Be2 Na6 9.
O-O Nc7 10.Qc2 Rb8 11.a4 e5 12.Ne1 Na6 13.Kh1 Nb4 14.Qd1 Qe7 15.Bg5 h6 16.
Bh4 g5 17.Bg3 Nh7 18.Bg4 f5 19.Bxf5 Bxf5 20.exf5 Rxf5 21.Nc2 Nxc2 22.Qxc2 
Rbf8 23.Ne4 Qd7 24.Rfb1 a5 25.Re1 R5f7 26.Qb3 Nf6 27.Nxf6+ Rxf6 28.Qb5 Qc8
29.Qxa5 h5 30.Qd2 Bh6 31.Qd3 Kg7 32.Kg1 h4 33.Bh2 Rxf2 34.Re2 R2f7 35.Qe4 
Qd8 36.b3 Rf5 37.Ree1 Qf6 38.Qb1 Rf2 39.Qd1 Qf5 40.Rf1 Rxf1+ 41.Qxf1 Qe4 
42.Qd1 Kh8 43.Ra2 g4 44.hxg4 Qd4+ 45.Qxd4 cxd4 46.Ra1 d3 47.Rd1 d2 48.c5 
e4 49.Bxd6 e3 0-1

[Event "37th Asia-ch U20"]
[Site "Bishkek KGZ"]
[Date "2015.10.04"]
[Round "2.4"]
[White "Zhakypov, Artur"]
[Black "Yuan Qingyu"]
[Result "1-0"]
[WhiteElo "1613"]
[BlackElo "2382"]
[EventDate "2015.10.03"]
[PlyCount "81"]

1.e4 c5 2.Nf3 d6 3.d4 cxd4 4.Nxd4 Nf6 5.Nc3 a6 6.h3 e6 7.g4 d5 8.exd5 Nxd5
9.Nde2 Bb4 10.Bg2 O-O 11.O-O Nxc3 12.Nxc3 Qc7 13.Qf3 Nc6 14.Bf4 e5 15.Nd5 
Qa5 16.Be3 Be6 17.c3 Bd6 18.Rfd1 Rad8 19.a4 Bb8 20.b4 Bxd5 21.Rxd5 Qc7 22.
b5 e4 23.Qxe4 Qh2+ 24.Kf1 Rde8 25.Qf3 Ne7 26.Rd7 Ng6 27.Qxb7 Be5 28.bxa6 
Bxc3 29.Rc1 Ne5 30.Rxc3 Nxd7 31.Qxd7 Rd8 32.Qc6 Rd1+ 33.Ke2 Rd6 34.Qc7 Qe5
35.a7 h5 36.a8=Q Rxa8 37.Bxa8 hxg4 38.hxg4 Kh7 39.Qc5 Qe6 40.Qf5+ Qxf5 41.
gxf5 1-0

[Event "37th Asia-ch U20"]
[Site "Bishkek KGZ"]
[Date "2015.10.04"]
[Round "2.6"]
[White "Kabilov, Amin"]
[Black "Isakjanov, Kelsinbek"]
[Result "1/2-1/2"]
[WhiteElo "2180"]
[BlackElo "1986"]
[EventDate "2015.10.03"]
[PlyCount "79"]

1.Nf3 Nf6 2.b3 g6 3.Bb2 Bg7 4.g3 d6 5.Bg2 e5 6.d3 c6 7.O-O O-O 8.Nbd2 h6 
9.e4 Be6 10.h3 c5 11.Ne1 Nc6 12.Rb1 Nh5 13.Nc4 d5 14.Ne3 d4 15.Nf5 gxf5 
16.Qxh5 fxe4 17.dxe4 f5 18.Nd3 c4 19.bxc4 Bxc4 20.Bc1 Qe8 21.Qxe8 Raxe8 
22.Rxb7 f4 23.Bf3 fxg3 24.fxg3 Bxa2 25.Bg4 Rxf1+ 26.Kxf1 Rb8 27.Rc7 Nb4 
28.Nxb4 Rxb4 29.Rxa7 Bc4+ 30.Kg2 Rb8 31.Ba3 Bf7 32.Bf5 Bf8 33.Bxf8 Kxf8 
34.Rc7 Rb1 35.g4 Rc1 36.Rc8+ Kg7 37.h4 Ba2 38.g5 hxg5 39.hxg5 Bb1 40.Rc7+ 
1/2-1/2

[Event "37th Asia-ch U20"]
[Site "Bishkek KGZ"]
[Date "2015.10.04"]
[Round "2.7"]
[White "Harsha, Bharathakoti"]
[Black "Akunov, Maksat"]
[Result "1-0"]
[WhiteElo "2384"]
[BlackElo "1881"]
[EventDate "2015.10.03"]
[PlyCount "91"]

1.Nf3 d5 2.c4 e6 3.g3 Nf6 4.d4 Bb4+ 5.Bd2 Be7 6.Bg2 c6 7.Qc2 b6 8.O-O O-O 
9.cxd5 cxd5 10.Rc1 Ba6 11.Bf4 Nbd7 12.Nc3 Qc8 13.Ne5 Nxe5 14.dxe5 Nd7 15.
Qd1 Qd8 16.e4 d4 17.Qxd4 Nc5 18.Rd1 Bd3 19.Qxd8 Rfxd8 20.b4 Nb7 21.Nd5 
exd5 22.Rxd3 dxe4 23.Rxd8+ Nxd8 24.Bxe4 Rc8 25.a3 Ne6 26.Be3 Rc3 27.h4 g6 
28.Kf1 Kg7 29.Ke2 a5 30.Bxb6 axb4 31.axb4 Bxb4 32.Ra7 Bc5 33.Bxc5 Rxc5 34.
f4 Rc7 35.Ra8 Rd7 36.Ke3 Rc7 37.Bd3 Rb7 38.Bc4 Rb4 39.Bxe6 fxe6 40.Ra7+ 
Kg8 41.Re7 Rb6 42.h5 gxh5 43.Kf3 h6 44.Kg2 Kh8 45.Kh3 Ra6 46.Kh4 1-0

[Event "37th Asia-ch U20"]
[Site "Bishkek KGZ"]
[Date "2015.10.04"]
[Round "2.8"]
[White "Jayasundara, P K U M"]
[Black "Chakravarthi Reddy, M"]
[Result "0-1"]
[WhiteElo "1955"]
[BlackElo "2195"]
[EventDate "2015.10.03"]
[PlyCount "64"]

1.e4 e6 2.d4 d5 3.Nc3 Bb4 4.exd5 exd5 5.Bd3 Ne7 6.Qh5 Nbc6 7.a3 Bd6 8.Nge2
Be6 9.Nb5 h6 10.c3 Qd7 11.Nxd6+ Qxd6 12.a4 O-O-O 13.b4 Rde8 14.a5 g5 15.b5
Nd8 16.b6 cxb6 17.axb6 a6 18.Ba3 Qd7 19.Qf3 Ng6 20.Qg3 Nf4 21.O-O Bf5 22.
Nxf4 gxf4 23.Bxf5 Qxf5 24.Qf3 Re4 25.c4 Rg8 26.cxd5 Qxd5 27.Rac1+ Nc6 28.
Bb2 Rxd4 29.Qh3+ Qd7 30.Qxh6 Rd6 31.Qh4 Qf5 32.h3 Rdg6 0-1

[Event "37th Asia-ch U20"]
[Site "Bishkek KGZ"]
[Date "2015.10.04"]
[Round "2.9"]
[White "Isakjanov, Aibek"]
[Black "Mamatov, Melis"]
[Result "0-1"]
[WhiteElo "1832"]
[BlackElo "2096"]
[EventDate "2015.10.03"]
[PlyCount "107"]

1.e4 c5 2.Nf3 b6 3.g3 Bb7 4.d3 g6 5.Bg2 Bg7 6.O-O Nc6 7.c3 Nf6 8.h3 O-O 9.
Be3 d6 10.Qc2 Rc8 11.Nbd2 b5 12.Nh2 a5 13.f4 a4 14.g4 Ne8 15.f5 a3 16.bxa3
b4 17.Rab1 Bxc3 18.fxg6 hxg6 19.g5 Ba6 20.Nc4 e6 21.Ng4 d5 22.Nh6+ Kg7 23.
exd5 exd5 24.Nb2 Bd4 25.Bxd4+ Nxd4 26.Qd2 bxa3 27.Na4 Ne6 28.h4 Rb8 29.
Rxb8 Qxb8 30.Qc3+ d4 31.Qxa3 Qb4 32.Qxb4 cxb4 33.Rb1 N8c7 34.Be4 f5 35.Bf3
Rb8 36.Nb2 Nf4 37.Rc1 Nce6 38.Rc6 Bb5 39.Rd6 Kf8 40.Nc4 Ke7 41.Bc6 Bxc6 
42.Rxc6 Nxd3 43.Kf1 Ra8 44.Ke2 Ndc5 45.Ne5 Rxa2+ 46.Kf3 Ne4 47.Nxg6+ Kd8 
48.Nxf5 N6c5 49.Ne5 Rf2+ 50.Kg4 d3 51.g6 Rg2+ 52.Kh3 d2 53.g7 Rxg7 54.Nxg7
0-1

[Event "37th Asia-ch U20"]
[Site "Bishkek KGZ"]
[Date "2015.10.04"]
[Round "2.10"]
[White "Kenenbaev, Aidar"]
[Black "Sezdbekov, Ruslan"]
[Result "0-1"]
[WhiteElo "1991"]
[BlackElo "1818"]
[EventDate "2015.10.03"]
[PlyCount "28"]

1.e4 e5 2.Nf3 Nc6 3.Bb5 f5 4.d3 Nf6 5.exf5 Bc5 6.O-O O-O 7.Bxc6 dxc6 8.
Nxe5 Bxf5 9.Nc3 Re8 10.Nc4 Ng4 11.Bf4 Nxf2 12.Rxf2 Bxf2+ 13.Kxf2 Qh4+ 14.
Kg1 Qxf4 0-1

[Event "37th Asia-ch U20"]
[Site "Bishkek KGZ"]
[Date "2015.10.05"]
[Round "3.1"]
[White "Sunilduth Lyna, Narayanan"]
[Black "Yakubboev, Nodirbek"]
[Result "1-0"]
[WhiteElo "2476"]
[BlackElo "2342"]
[EventDate "2015.10.03"]
[PlyCount "115"]

1.d4 d5 2.c4 c6 3.Nc3 Nf6 4.e3 g6 5.Nf3 Bg7 6.Be2 O-O 7.O-O dxc4 8.Bxc4 
Nbd7 9.e4 Nb6 10.Bb3 Bg4 11.Be3 Qc8 12.h3 Be6 13.Rc1 Bxb3 14.Qxb3 e6 15.a4
Nbd7 16.Rfd1 Qb8 17.d5 exd5 18.exd5 c5 19.d6 b6 20.Bf4 Qb7 21.Re1 Rfe8 22.
Re7 Rxe7 23.dxe7 Re8 24.Re1 h6 25.Nd2 Nh5 26.Bd6 Bxc3 27.bxc3 Ng7 28.Ne4 
Qc6 29.g4 c4 30.Qb5 Rc8 31.Bf4 Ne8 32.Qxc6 Rxc6 33.Rd1 Re6 34.Rxd7 Rxe4 
35.Bxh6 a6 36.Be3 b5 37.axb5 axb5 38.Rb7 f6 39.Rxb5 Rxe7 40.Kg2 Kf7 41.Bd4
Nd6 42.Rb6 Re6 43.Rc6 f5 44.Be3 fxg4 45.hxg4 Ne4 46.Rxc4 Ke8 47.Kf3 Nd6 
48.Rb4 Kd7 49.Bf4 Nc8 50.Rd4+ Kc6 51.Rc4+ Kd7 52.Rc7+ Kd8 53.Rg7 Ke8 54.
Rg8+ Kd7 55.Be3 Ne7 56.Rg7 Ke8 57.c4 Nc6 58.c5 1-0

[Event "37th Asia-ch U20"]
[Site "Bishkek KGZ"]
[Date "2015.10.05"]
[Round "3.2"]
[White "Javanbakht, Nima"]
[Black "Mosadeghpour, Masoud"]
[Result "1/2-1/2"]
[WhiteElo "2401"]
[BlackElo "2420"]
[EventDate "2015.10.03"]
[PlyCount "53"]

1.Nf3 Nf6 2.c4 g6 3.Nc3 Bg7 4.e4 c5 5.d4 cxd4 6.Nxd4 Nc6 7.Be3 Ng4 8.Qxg4 
Nxd4 9.Qd1 Ne6 10.Rc1 Qa5 11.Bd3 b6 12.O-O Bb7 13.Rc2 Bc6 14.Nd5 Rc8 15.f4
Nd4 16.Rd2 e6 17.f5 exd5 18.f6 Bf8 19.exd5 Bc5 20.dxc6 Nxc6 21.Bf2 Ne5 22.
Re2 O-O 23.Kh1 Rfe8 24.Bxc5 Qxc5 25.b3 Qd4 26.Rfe1 Re6 27.Bc2 1/2-1/2

[Event "37th Asia-ch U20"]
[Site "Bishkek KGZ"]
[Date "2015.10.05"]
[Round "3.3"]
[White "Isakjanov, Kelsinbek"]
[Black "Zhakypov, Artur"]
[Result "1-0"]
[WhiteElo "1986"]
[BlackElo "1613"]
[EventDate "2015.10.03"]
[PlyCount "103"]

1.d4 d5 2.c4 e6 3.Nf3 c6 4.e3 Nf6 5.Bd3 Bd6 6.O-O Nbd7 7.Nc3 O-O 8.e4 dxe4
9.Nxe4 Nxe4 10.Bxe4 h6 11.a3 e5 12.Bf5 exd4 13.Qxd4 Nf6 14.Bxc8 Rxc8 15.
Qxa7 Qc7 16.Bd2 Ne4 17.Qd4 Nxd2 18.Qxd2 Rfd8 19.Qc2 b5 20.cxb5 cxb5 21.
Qxc7 Rxc7 22.Rac1 Rdc8 23.Rxc7 Rxc7 24.Nd4 Rc5 25.b4 Rd5 26.Nc6 Rd3 27.Na7
Rd5 28.g3 Be5 29.Nc6 Bf6 30.Rc1 Bb2 31.Rb1 Rd2 32.Na7 Bxa3 33.Rb3 Bc1 34.
Nxb5 Rb2 35.Rxb2 Bxb2 36.Kf1 Bf6 37.Nc7 Kf8 38.Ke2 Be5 39.Nd5 Ke8 40.Kd3 
Kd7 41.Kc4 g5 42.h3 h5 43.g4 h4 44.Kd3 f5 45.f3 fxg4 46.fxg4 Ke6 47.Ke4 
Bd6 48.b5 Be5 49.Ne3 Bc7 50.Nf5 Bb6 51.Nd4+ Kd6 52.Nf3 1-0

[Event "37th Asia-ch U20"]
[Site "Bishkek KGZ"]
[Date "2015.10.05"]
[Round "3.4"]
[White "Mamatov, Melis"]
[Black "Harsha, Bharathakoti"]
[Result "0-1"]
[WhiteElo "2096"]
[BlackElo "2384"]
[EventDate "2015.10.03"]
[PlyCount "118"]

1.d4 d5 2.Nc3 Nf6 3.Bf4 e6 4.e3 c5 5.Nf3 cxd4 6.exd4 Be7 7.Bd3 O-O 8.O-O 
Nc6 9.a3 a6 10.Ne2 b5 11.c3 Na5 12.Qc2 Bb7 13.b4 Nc4 14.Nc1 h6 15.Nb3 Bc6 
16.Ne5 Qb6 17.Rfe1 Nh5 18.Bc1 Nf6 19.f4 Ne4 20.Nxc6 Qxc6 21.Bxe4 dxe4 22.
Qxe4 Qxe4 23.Rxe4 Bd6 24.Re2 Rfc8 25.g3 Nb6 26.Bd2 Nd5 27.Nc5 a5 28.Ree1 
Nb6 29.Rec1 Nc4 30.Be1 Ra7 31.a4 axb4 32.cxb4 Rca8 33.a5 Ne3 34.Rab1 Nd5 
35.Kf2 g5 36.Ne4 Be7 37.Bd2 f6 38.Rc6 Kf7 39.Nc5 Rc7 40.Rxc7 Nxc7 41.Rc1 
Ra7 42.Nd3 Ke8 43.h4 gxh4 44.gxh4 Nd5 45.Rg1 h5 46.Rg8+ Bf8 47.f5 Ne7 48.
Rxf8+ Kxf8 49.fxe6 Ra8 50.Nc5 Nd5 51.Kf3 f5 52.Bg5 Nxb4 53.Kf4 Na6 54.Nxa6
Rxa6 55.d5 b4 56.Bf6 b3 57.Bc3 Rxa5 58.d6 Rd5 59.d7 Ke7 0-1

[Event "37th Asia-ch U20"]
[Site "Bishkek KGZ"]
[Date "2015.10.05"]
[Round "3.5"]
[White "Yuan Qingyu"]
[Black "Isaev, Chyngyz"]
[Result "1/2-1/2"]
[WhiteElo "2382"]
[BlackElo "2193"]
[EventDate "2015.10.03"]
[PlyCount "44"]

1.c4 e6 2.d4 d5 3.Nf3 Nf6 4.Nc3 Be7 5.Bf4 O-O 6.e3 Nbd7 7.c5 Nh5 8.Be2 
Nxf4 9.exf4 c6 10.O-O b6 11.b4 a5 12.a3 Ba6 13.Qc2 Bxe2 14.Qxe2 axb4 15.
axb4 b5 16.Rxa8 Qxa8 17.f5 Bf6 18.fxe6 Re8 19.exf7+ Kxf7 20.Qb2 Qb7 21.Ne2
Kf8 22.Nc3 Ra8 1/2-1/2

[Event "37th Asia-ch U20"]
[Site "Bishkek KGZ"]
[Date "2015.10.05"]
[Round "3.6"]
[White "Turar, Dastan"]
[Black "Sezdbekov, Ruslan"]
[Result "1-0"]
[WhiteElo "2243"]
[BlackElo "1818"]
[EventDate "2015.10.03"]
[PlyCount "43"]

1.d4 Nf6 2.Nf3 d5 3.c4 e6 4.Nc3 c6 5.Bg5 Nbd7 6.e3 Qa5 7.Nd2 Be7 8.Be2 O-O
9.O-O h6 10.Bh4 Re8 11.a3 Bd8 12.Bd3 Ne4 13.Ncxe4 Bxh4 14.Nd6 Re7 15.e4 
Qd8 16.e5 Nb8 17.c5 f5 18.b4 Rd7 19.Re1 Be7 20.f4 Bxd6 21.exd6 Rf7 22.Nf3 
1-0

[Event "37th Asia-ch U20"]
[Site "Bishkek KGZ"]
[Date "2015.10.05"]
[Round "3.9"]
[White "Kenenbaev, Aidar"]
[Black "Kabilov, Amin"]
[Result "0-1"]
[WhiteElo "1991"]
[BlackElo "2180"]
[EventDate "2015.10.03"]
[PlyCount "84"]

1.Nf3 Nf6 2.g3 d5 3.Bg2 c6 4.O-O Bf5 5.d3 Nbd7 6.Nbd2 h6 7.Qe1 Bh7 8.e4 
dxe4 9.Nxe4 Nxe4 10.dxe4 e5 11.b3 Be7 12.Bb2 Qc7 13.Qe2 O-O 14.a4 Rfe8 15.
Rfd1 Rad8 16.Bh3 Bf6 17.Ba3 Nf8 18.Ne1 Ne6 19.c3 Bg6 20.Rxd8 Rxd8 21.Nd3 
Bxe4 22.Qxe4 Ng5 23.Qe2 Nxh3+ 24.Kg2 Ng5 25.h4 Ne6 26.Re1 Qd7 27.Nxe5 Qd5+
28.Nf3 Qxb3 29.Bc1 Bxc3 30.Rh1 Qd5 31.Be3 Qe4 32.Kh2 a5 33.Rc1 Bb4 34.Rc4 
Qd3 35.Qa2 Qd5 36.Qc2 Qd1 37.Qxd1 Rxd1 38.Ne5 Rd5 39.Nf3 b5 40.Rxc6 bxa4 
41.Rc8+ Kh7 42.Rc1 a3 0-1

[Event "37th Asia-ch U20"]
[Site "Bishkek KGZ"]
[Date "2015.10.05"]
[Round "3.10"]
[White "Akunov, Maksat"]
[Black "Jayasundara, P K U M"]
[Result "1/2-1/2"]
[WhiteElo "1881"]
[BlackElo "1955"]
[EventDate "2015.10.03"]
[PlyCount "101"]

1.d4 c5 2.d5 Nf6 3.Bg5 Qb6 4.Bxf6 gxf6 5.Qc1 Bh6 6.e3 f5 7.c4 d6 8.Nc3 Nd7
9.Nf3 Ne5 10.Be2 Bd7 11.O-O Ng6 12.g3 Rd8 13.Qc2 Qc7 14.a3 O-O 15.b4 b6 
16.Rab1 a6 17.Rb3 Rb8 18.Rfb1 Rfc8 19.Bd3 e6 20.bxc5 bxc5 21.Qb2 Rxb3 22.
Qxb3 Bg7 23.e4 Ne7 24.exf5 exd5 25.g4 Qa5 26.Nxd5 Nxd5 27.cxd5 Qa4 28.Qxa4
Bxa4 29.Nd2 Bb5 30.Nc4 Rd8 31.Re1 Bf6 32.f4 h6 33.Kg2 Kf8 34.Kg3 Rb8 35.h4
Bxc4 36.Bxc4 Rb2 37.g5 hxg5 38.fxg5 Be5+ 39.Kg4 f6 40.gxf6 Kf7 41.Bxa6 Rb3
42.Rg1 Rxa3 43.Bc8 Kxf6 44.Kh5 c4 45.Rg6+ Kf7 46.Be6+ Ke7 47.Rg8 c3 48.Rc8
Ra2 49.Rc7+ Ke8 50.f6 Bxf6 51.Rc8+ 1/2-1/2

[Event "37th Asia-ch U20"]
[Site "Bishkek KGZ"]
[Date "2015.10.06"]
[Round "4.1"]
[White "Mosadeghpour, Masoud"]
[Black "Sunilduth Lyna, Narayanan"]
[Result "1/2-1/2"]
[WhiteElo "2420"]
[BlackElo "2476"]
[EventDate "2015.10.03"]
[PlyCount "52"]

1.e4 c6 2.d4 d5 3.Nd2 dxe4 4.Nxe4 Bf5 5.Ng3 Bg6 6.Bc4 e6 7.N1e2 Bd6 8.h4 
h6 9.Nf4 Bxf4 10.Bxf4 Nf6 11.h5 Bh7 12.Qd2 Nbd7 13.Be2 O-O 14.O-O Re8 15.
c4 c5 16.dxc5 Nxc5 17.Rad1 Qb6 18.Be3 Nfe4 19.Nxe4 Nxe4 20.Bxb6 Nxd2 21.
Rxd2 axb6 22.a3 Be4 23.Rfd1 Bc6 24.Rd6 Rec8 25.b4 b5 26.cxb5 Bd5 1/2-1/2

[Event "37th Asia-ch U20"]
[Site "Bishkek KGZ"]
[Date "2015.10.06"]
[Round "4.2"]
[White "Isakjanov, Kelsinbek"]
[Black "Javanbakht, Nima"]
[Result "0-1"]
[WhiteElo "1986"]
[BlackElo "2401"]
[EventDate "2015.10.03"]
[PlyCount "94"]

1.d4 Nf6 2.c4 e5 3.dxe5 Ng4 4.e4 Nxe5 5.Nf3 Nbc6 6.Nxe5 Nxe5 7.Be3 Bb4+ 8.
Nd2 Qh4 9.Qc2 O-O 10.O-O-O Ng4 11.Nf3 Nxe3 12.Nxh4 Nxc2 13.Kxc2 Re8 14.Bd3
d6 15.f4 Bd7 16.Nf5 Ba4+ 17.b3 Bc6 18.Ng3 a5 19.a4 Re7 20.Nf5 Rxe4 21.Rhf1
g6 22.Nh4 Re3 23.f5 Rae8 24.fxg6 hxg6 25.Nf3 Be4 26.Rf2 Bxd3+ 27.Rxd3 Re2+
28.Rxe2 Rxe2+ 29.Kd1 Rxg2 30.h3 Rg3 31.h4 f6 32.Ke2 Bc5 33.Ne1 Rg4 34.Rh3 
Re4+ 35.Kf1 Re3 36.Rxe3 Bxe3 37.Ke2 Bf4 38.Ng2 g5 39.hxg5 fxg5 40.Kf3 Kf7 
41.Ke4 Ke6 42.Ne1 Be5 43.Nd3 g4 44.b4 g3 45.Kf3 b6 46.c5 Kd5 47.cxd6 Bxd6 
0-1